000
00256nam a2200109Ia 4500
008
240625s9999 xx 000 0 und d
041
_a
eng
082
_a
658.4 ZIM
100
_a
ROSS STEPHEN A
245
_a
FUNDAMENTALS OF CORPORATE FINANCE
260
_c
2004
999
_c
33081
_d
33081